000 01377cam a22003494a 4500
001 12740165
003 QMLIXCVB
005 20220326193253.0
008 020405s1999 cl a bc 000 0 spa
010 _a 2002404545
020 _a9561903032
035 _a(CVcHKB)kb2001062798
040 _aDLC
_cDLC
042 _apcc
043 _as-cl---
050 0 0 _aN6669.D53
_bA755 1999
082 _a708
_bD542l
245 0 0 _aLecciones de cosas :
_b7 textos + postfacio sobre quadrivium de Gonzálo Díaz.
246 3 _a7 textos + postfacio sobre quadrivium de Gonzálo Díaz
260 _aSantiago de Chile :
_bEditorial La Blanca Montaña :
_bUniversidad de Chile-Facultad de Artes,
_c1999.
300 _a163 p. :
_bill. ;
_c19 cm.
440 0 _aSerie Pensar lo Visual ;
_vno. 1
_9812
500 _aBased on the work titled Quadrivium ad uso Delphini by Gonzálo Díaz.
504 _aIncludes bibliographical references.
600 1 0 _aDíaz, Gonzálo.
_tQuadrivium ad uso Delphini
_vExhibitions.
_9813
600 1 0 _aDíaz, Gonzálo
_xCriticism and interpretation.
_9814
650 0 _aInstallations (Art)
_zChile
_vExhibitions.
_9815
650 0 _aexhibiciones
_zChile
_xcritica-interpretacion
_xDiaz, Gonzalo
_9816
700 1 _aDíaz, Gonzálo.
_9817
906 _a7
_bcbc
_corigres
_d3
_encip
_f20
_gy-gencatlg
999 _c168
_d168